<?xml version="1.0" encoding="UTF-8"?><?xml-stylesheet type="text/xsl" href="static/style.xsl"?><OAI-PMH xmlns="http://www.openarchives.org/OAI/2.0/" xmlns:xsi="http://www.w3.org/2001/XMLSchema-instance" xsi:schemaLocation="http://www.openarchives.org/OAI/2.0/ http://www.openarchives.org/OAI/2.0/OAI-PMH.xsd"><responseDate>2026-04-13T07:08:53Z</responseDate><request verb="GetRecord" identifier="oai:www.recercat.cat:11351/12940" metadataPrefix="marc">https://recercat.cat/oai/request</request><GetRecord><record><header><identifier>oai:recercat.cat:11351/12940</identifier><datestamp>2025-10-24T10:41:36Z</datestamp><setSpec>com_2072_378070</setSpec><setSpec>com_2072_378040</setSpec><setSpec>col_2072_378092</setSpec></header><metadata><record xmlns="http://www.loc.gov/MARC21/slim" xmlns:dcterms="http://purl.org/dc/terms/" xmlns:xsi="http://www.w3.org/2001/XMLSchema-instance" xmlns:doc="http://www.lyncode.com/xoai" xsi:schemaLocation="http://www.loc.gov/MARC21/slim http://www.loc.gov/standards/marcxml/schema/MARC21slim.xsd">
   <leader>00925njm 22002777a 4500</leader>
   <datafield ind2=" " ind1=" " tag="042">
      <subfield code="a">dc</subfield>
   </datafield>
   <datafield ind2=" " ind1=" " tag="720">
      <subfield code="a">Delgado-Espinoza, Claudia Erika</subfield>
      <subfield code="e">author</subfield>
   </datafield>
   <datafield ind2=" " ind1=" " tag="720">
      <subfield code="a">Antonijoan, Rosa Maria</subfield>
      <subfield code="e">author</subfield>
   </datafield>
   <datafield ind2=" " ind1=" " tag="720">
      <subfield code="a">Gich, Ignasi</subfield>
      <subfield code="e">author</subfield>
   </datafield>
   <datafield ind2=" " ind1=" " tag="720">
      <subfield code="a">Anaya, Rafael</subfield>
      <subfield code="e">author</subfield>
   </datafield>
   <datafield ind2=" " ind1=" " tag="720">
      <subfield code="a">Rodriguez Prieto, Mireia</subfield>
      <subfield code="e">author</subfield>
   </datafield>
   <datafield ind2=" " ind1=" " tag="720">
      <subfield code="a">Millán Billi, Angélica</subfield>
      <subfield code="e">author</subfield>
   </datafield>
   <datafield ind2=" " ind1=" " tag="720">
      <subfield code="a">USUA, GEMMA</subfield>
      <subfield code="e">author</subfield>
   </datafield>
   <datafield ind2=" " ind1=" " tag="260">
      <subfield code="c">2025-04-11T07:35:15Z</subfield>
   </datafield>
   <datafield ind2=" " ind1=" " tag="260">
      <subfield code="c">2025-04-11T07:35:15Z</subfield>
   </datafield>
   <datafield ind2=" " ind1=" " tag="260">
      <subfield code="c">2025-01-20</subfield>
   </datafield>
   <datafield ind2=" " ind1=" " tag="520">
      <subfield code="a">Economic evaluation; Femur fracture; Neuraxial anaesthesia</subfield>
   </datafield>
   <datafield ind2=" " ind1=" " tag="520">
      <subfield code="a">Evaluación económica; Fractura de fémur; Anestesia neuroaxial</subfield>
   </datafield>
   <datafield ind2=" " ind1=" " tag="520">
      <subfield code="a">Avaluació econòmica; Fractura de fèmur; Anestèsia neuroaxial</subfield>
   </datafield>
   <datafield ind2=" " ind1=" " tag="520">
      <subfield code="a">Introduction: Before implementing a new health care strategy, it is important to assess effectiveness but also to perform an economic evaluation. The goal of the present study was to perform a comparative economic evaluation of a new strategy aimed at using proposed implementation of the Plateletworks guidance (measurement of platelet function) with usual practice (delayed time to surgery) in patients on chronic antiplatelet treatment and scheduled for surgery with neuraxial anaesthesia due to proximal femur fracture.&#xd;
Methods: This is an economic evaluation carried out alongside a randomised controlled clinical trial at four centres in Spain. Patients were randomised to undergo either early platelet function-guided surgery (experimental group) or delayed surgery (control group). As AFFEcT trial results demonstrated significative difference between groups in the primary efficacy endpoint, the median time to surgery, a cost-effectiveness analysis was performed. Direct costs associated with hospitalisation until one-month post-discharge were considered and measured from a hospital perspective. All costs were reported in euros. Analyses were performed on a per protocol basis. Effectiveness outcome measures were the incremental cost and incremental cost per reduction in days to surgery. A deterministic sensitivity analysis was implemented to quantify uncertainty.&#xd;
Results: A total of 156 patients were randomized to the two groups (n = 78 per group). A total of 143 patients were included in the per protocol population (75 and 68 patients in the experimental and control groups, respectively). The median time to surgery was 2.30 days (IQR: 1.53–3.73) in the experimental group and 4.87 days (4.36–5.60) in the control group (a reduction of 2.40 days). Total costs during the 1-month study perioperative period were higher in the delayed surgery group (€18,495.19) than for the early surgery group (€16,497.59). The incremental cost was negative (€1,997.60), a statistically significant difference (P &lt; 0.05). As measured by the reduction in time (days) to surgery, the incremental cost-effectiveness ratio (ICER) for early surgery was negative (777.28€/day). Sensitivity analysis demonstrated consistent cost saving.&#xd;
Conclusion: For patients on chronic antiplatelet treatment scheduled to undergo surgery for proximal femur fracture, an individualised strategy guided by a platelet function testing is a cost-saving and cost-effective strategy.</subfield>
   </datafield>
   <datafield ind2=" " ind1=" " tag="520">
      <subfield code="a">The author(s) declare financial support was received for the research, authorship, and/or publication of this article. CEDE is a Ph.D. candidate in Pharmacology at the Autonomous University of Barcelona (Spain). This research was funded by Instituto de Salud Carlos III and European Regional Development Fund (ERDF), “A way to make Europe”, grant number PI16/01879. The monitoring of the study has been supported by the Spanish Clinical Research Network (PT17/0017/0034 and PT20/00096) funded by the Instituto de Salud Carlos III and co-funded by European Regional Development Fund “A way to make Europe”. MJMZ is funded by a Miguel Servet II research contract (CPII20/00023) from the Instituto de Salud Carlos III.</subfield>
   </datafield>
   <datafield ind1="8" ind2=" " tag="024">
      <subfield code="a">http://hdl.handle.net/11351/12940</subfield>
   </datafield>
   <datafield tag="653" ind2=" " ind1=" ">
      <subfield code="a">Anestèsia epidural</subfield>
   </datafield>
   <datafield tag="653" ind2=" " ind1=" ">
      <subfield code="a">Fèmur - Fractures</subfield>
   </datafield>
   <datafield tag="653" ind2=" " ind1=" ">
      <subfield code="a">Fèmur - Cirurgia</subfield>
   </datafield>
   <datafield tag="653" ind2=" " ind1=" ">
      <subfield code="a">Cost-eficàcia</subfield>
   </datafield>
   <datafield tag="653" ind2=" " ind1=" ">
      <subfield code="a">Plaquetes sanguínies - Agregació - Inhibidors</subfield>
   </datafield>
   <datafield tag="653" ind2=" " ind1=" ">
      <subfield code="a">ANALYTICAL, DIAGNOSTIC AND THERAPEUTIC TECHNIQUES, AND EQUIPMENT::Anesthesia and Analgesia::Anesthesia::Anesthesia, Conduction::Anesthesia, Epidural</subfield>
   </datafield>
   <datafield tag="653" ind2=" " ind1=" ">
      <subfield code="a">DISEASES::Wounds and Injuries::Fractures, Bone::Femoral Fractures::Hip Fractures</subfield>
   </datafield>
   <datafield tag="653" ind2=" " ind1=" ">
      <subfield code="a">Other subheadings::Other subheadings::Other subheadings::/surgery</subfield>
   </datafield>
   <datafield tag="653" ind2=" " ind1=" ">
      <subfield code="a">HEALTH CARE::Health Care Economics and Organizations::Economics::Costs and Cost Analysis::Cost-Benefit Analysis</subfield>
   </datafield>
   <datafield tag="653" ind2=" " ind1=" ">
      <subfield code="a">ANALYTICAL, DIAGNOSTIC AND THERAPEUTIC TECHNIQUES, AND EQUIPMENT::Therapeutics::Patient Care::Hospitalization::Length of Stay</subfield>
   </datafield>
   <datafield tag="653" ind2=" " ind1=" ">
      <subfield code="a">CHEMICALS AND DRUGS::Chemical Actions and Uses::Pharmacologic Actions::Therapeutic Uses::Hematologic Agents::Platelet Aggregation Inhibitors</subfield>
   </datafield>
   <datafield tag="653" ind2=" " ind1=" ">
      <subfield code="a">TÉCNICAS Y EQUIPOS ANALÍTICOS, DIAGNÓSTICOS Y TERAPÉUTICOS::anestesia y analgesia::anestesia::anestesia de conducción::anestesia epidural</subfield>
   </datafield>
   <datafield tag="653" ind2=" " ind1=" ">
      <subfield code="a">ENFERMEDADES::heridas y lesiones::fracturas óseas::fracturas del fémur::fracturas de cadera</subfield>
   </datafield>
   <datafield tag="653" ind2=" " ind1=" ">
      <subfield code="a">Otros calificadores::Otros calificadores::Otros calificadores::/cirugía</subfield>
   </datafield>
   <datafield tag="653" ind2=" " ind1=" ">
      <subfield code="a">ATENCIÓN DE SALUD::economía y organizaciones para la atención de la salud::economía::costes y análisis de costes::análisis coste-beneficio</subfield>
   </datafield>
   <datafield tag="653" ind2=" " ind1=" ">
      <subfield code="a">TÉCNICAS Y EQUIPOS ANALÍTICOS, DIAGNÓSTICOS Y TERAPÉUTICOS::terapéutica::asistencia al paciente::hospitalización::duración de estancia hospitalaria</subfield>
   </datafield>
   <datafield tag="653" ind2=" " ind1=" ">
      <subfield code="a">COMPUESTOS QUÍMICOS Y DROGAS::acciones y usos químicos::acciones farmacológicas::usos terapéuticos::fármacos hematológicos::inhibidores de la agregación plaquetaria</subfield>
   </datafield>
   <datafield ind2="0" ind1="0" tag="245">
      <subfield code="a">Economic evaluation of a strategy to shorten the time to surgery with neuraxial anaesthesia compared with usual clinical practice in patients on chronic antiplatelet therapy with a proximal femur fracture</subfield>
   </datafield>
</record></metadata></record></GetRecord></OAI-PMH>